000 00824nab a22002417a 4500
001 12425
003 HDC
007 cr bn ---aaaaa
008 210128c99999999my ||||o |||| 00| 00eng d
040 _aHDC
100 _aNoreen Ismail,
_eauthor
_913020
245 0 _aJakim revokes Secret Recipe halal certificate over sanitary issues /
_cNoreen Ismail
336 _atext
_2rdacontent
337 _acomputer
_2rdamedia
338 _aonline resource
_2rdacarrier
650 _aBusiness names
_9418
650 _aFood
_xReligious aspect
_xIslam
_97432
710 _aMarketing-Interactive.com
856 _zRequest full-text at [email protected]
942 _2lcc
942 _cNEWS
942 _kNWSO 003002
999 _c9748
_d9748